Central Library OPAC University of Rajshahi

Principles of the law of damages / (Record no. 46586)

MARC details
000 -LEADER
fixed length control field 00705nam a2200229 a 4500
001 - CONTROL NUMBER
control field 46586
003 - CONTROL NUMBER IDENTIFIER
rucl marc code BD-RjUL
005 - DATE AND TIME OF LATEST TRANSACTION
control field 20211209054156.0
008 - FIXED-LENGTH DATA ELEMENTS--GENERAL INFORMATION
fixed length control field 160803s1962 enk b 001 0 eng
035 ## - SYSTEM CONTROL NUMBER
System control number OCLC ocm04599299 from D980220M
040 ## - CATALOGING SOURCE
Original cataloging agency DLC
Transcribing agency GZL
Modifying agency SLU
-- UKM
-- BD-RjUL
Language of cataloging eng
041 ## - LANGUAGE CODE
Language code of text/sound track or separate title eng
082 04 - DEWEY DECIMAL CLASSIFICATION NUMBER
Classification number 347.41077
Edition number 18
Author mark and year STP 1962
090 ## - LOCALLY ASSIGNED LC-TYPE CALL NUMBER (OCLC); LOCAL CALL NUMBER (OCLC)
Classification number (OCLC) (R) ; Classification number, CALL (RLIN) (NR) KD703.D3
Local cutter number (OCLC) ; Book number/undivided call number, CALL (RLIN) S78 1962
100 1# - MAIN ENTRY--PERSONAL NAME
Personal name Street, Harry,
Dates associated with a name 1919-
9 (RLIN) 130953
245 10 - TITLE STATEMENT
Title Principles of the law of damages /
Statement of responsibility, etc. by Harry Street.
260 ## - PUBLICATION, DISTRIBUTION, ETC. (IMPRINT)
Place of publication, distribution, etc. London :
Name of publisher, distributor, etc. Sweet & Maxwell,
Date of publication, distribution, etc. 1962.
300 ## - PHYSICAL DESCRIPTION
Pagination 272 p. ;
Size 23 cm.
504 ## - BIBLIOGRAPHY, ETC. NOTE
Bibliography, etc Includes bibliographical references and and indexes.
650 #0 - SUBJECT ADDED ENTRY--TOPICAL TERM
Topical term or geographic name as entry element Damages
Geographic subdivision Great Britain.
9 (RLIN) 142094
942 ## - ADDED ENTRY ELEMENTS (KOHA)
Source of classification or shelving scheme Dewey Decimal Classification
Koha item type Books
Holdings
Lost status Source of classification or shelving scheme Damaged status Not for loan Collection code Permanent Location Current Location Shelving location Date acquired Source of acquisition Cost, normal purchase price Total Checkouts Full call number Date last seen Copy number Koha item type
  Dewey Decimal Classification     Non-fiction Central Library, University of Rajshahi Central Library, University of Rajshahi   02/01/1972 Zaitlinger 70.00   347.41077 STP 1962 03/08/2016 C-2 Books